000 00618nam a2200181Ia 4500
008 090122s9999 xx 000 0 und d
082 _b12286
100 _aशेवते
_bअरूण
_c-
245 _aमला उमगलेली स्त्री
260 _bपद्मगंधा
_c2007
300 _a107
501 _a"भेट, मॅजेस्टिक दिवाळी संच"
600 _aशेवते
630 _aमला उमगलेली स्त्री
700 _aशेवते
730 _aमला उमगलेली स्त्री
942 _cBOOK
999 _c36363
_d36363